|
|
|
|
| LEADER |
00000cam a22000004a 4500 |
| 001 |
musev2_49085 |
| 003 |
MdBmJHUP |
| 005 |
20230905045112.0 |
| 006 |
m o d |
| 007 |
cr||||||||nn|n |
| 008 |
160502s2016 inu o 00 0 eng d |
| 010 |
|
|
|z 2016019819
|
| 020 |
|
|
|a 9780253023193
|
| 020 |
|
|
|z 9780253022714
|
| 020 |
|
|
|z 9780253023032
|
| 035 |
|
|
|a (OCoLC)948670445
|
| 040 |
|
|
|a MdBmJHUP
|c MdBmJHUP
|
| 100 |
1 |
|
|a Brodsky, Adriana Mariel,
|d 1967-
|e author.
|
| 245 |
1 |
0 |
|a Sephardi, Jewish, Argentine :
|b Community and National Identity, 1880-1960 /
|c Adriana M. Brodsky.
|
| 264 |
|
1 |
|a Indianapolis :
|b Indiana University Press,
|c [2016]
|
| 264 |
|
3 |
|a Baltimore, Md. :
|b Project MUSE,
|c 2016
|
| 264 |
|
4 |
|c ©[2016]
|
| 300 |
|
|
|a 1 online resource (286 pages):
|b illustrations, maps.
|
| 336 |
|
|
|a text
|b txt
|2 rdacontent
|
| 337 |
|
|
|a computer
|b c
|2 rdamedia
|
| 338 |
|
|
|a online resource
|b cr
|2 rdacarrier
|
| 490 |
0 |
|
|a Indiana series in Sephardi and Mizrahi studies
|
| 505 |
0 |
|
|a Burying the dead: cemeteries, walls, and Jewish identity in early twentieth-century Argentina -- Helping the living: philanthropy and the boundaries of Sephardi communities in Argentina -- The limits of community: unsuccessful attempts at creating single Sephardi organizations -- Working for the homeland: Zionism and the creation of an "Argentine" Sephardi community after 1920 -- Becoming Argentine, becoming Jewish, becoming and remaining Sephardi: Jewish women and identity in twentieth-century Argentina -- Marriages and schools: living within multiple borders.
|
| 588 |
|
|
|a Description based on print version record.
|
| 650 |
|
7 |
|a Sephardim.
|2 fast
|0 (OCoLC)fst01112767
|
| 650 |
|
7 |
|a Mizrahim
|x Social life and customs.
|2 fast
|0 (OCoLC)fst00983505
|
| 650 |
|
7 |
|a Mizrahim
|x Cultural assimilation.
|2 fast
|0 (OCoLC)fst00983495
|
| 650 |
|
7 |
|a Mizrahim.
|2 fast
|0 (OCoLC)fst00983493
|
| 650 |
|
7 |
|a Jews.
|2 fast
|0 (OCoLC)fst00983135
|
| 650 |
|
7 |
|a Ethnic relations.
|2 fast
|0 (OCoLC)fst00916005
|
| 650 |
|
7 |
|a HISTORY
|x Jewish.
|2 bisacsh
|
| 650 |
|
7 |
|a SOCIAL SCIENCE
|x Minority Studies.
|2 bisacsh
|
| 650 |
|
7 |
|a SOCIAL SCIENCE
|x Discrimination & Race Relations.
|2 bisacsh
|
| 650 |
|
6 |
|a Sefarades
|z Argentine
|x Histoire.
|
| 650 |
|
6 |
|a Juifs orientaux
|x Acculturation
|z Argentine.
|
| 650 |
|
6 |
|a Juifs orientaux
|z Argentine
|x Moeurs et coutumes.
|
| 650 |
|
6 |
|a Juifs orientaux
|z Argentine
|x Histoire
|y 20e siecle.
|
| 650 |
|
6 |
|a Juifs orientaux
|z Argentine
|x Histoire
|y 19e siecle.
|
| 650 |
|
0 |
|a Sephardim
|z Argentina
|x History.
|
| 650 |
|
0 |
|a Mizrahim
|x Cultural assimilation
|z Argentina.
|
| 650 |
|
0 |
|a Mizrahim
|z Argentina
|x Social life and customs.
|
| 650 |
|
0 |
|a Mizrahim
|z Argentina
|x History
|y 20th century.
|
| 650 |
|
0 |
|a Mizrahim
|z Argentina
|x History
|y 19th century.
|
| 650 |
|
0 |
|a Jews
|z Argentina
|x History
|y 20th century.
|
| 650 |
|
0 |
|a Jews
|z Argentina
|x History
|y 19th century.
|
| 651 |
|
7 |
|a Argentina.
|2 fast
|0 (OCoLC)fst01205614
|
| 651 |
|
0 |
|a Argentina
|x Ethnic relations.
|
| 655 |
|
7 |
|a History.
|2 fast
|0 (OCoLC)fst01411628
|
| 655 |
|
7 |
|a Electronic books.
|2 local
|
| 710 |
2 |
|
|a Project Muse.
|e distributor
|
| 830 |
|
0 |
|a Book collections on Project MUSE.
|
| 856 |
4 |
0 |
|z Texto completo
|u https://projectmuse.uam.elogim.com/book/49085/
|
| 945 |
|
|
|a Project MUSE - Custom Collection
|
| 945 |
|
|
|a Project MUSE - 2016 Complete
|
| 945 |
|
|
|a Project MUSE - 2016 History
|
| 945 |
|
|
|a Project MUSE - 2016 Jewish Studies
|